|
|
|
|
| LEADER |
00000nam1a2200000 4500 |
| 001 |
74566 |
| 005 |
20231031085454.0 |
| 035 |
|
|
|a (RuTPU)RU\TPU\book\79531
|
| 035 |
|
|
|a RU\TPU\book\35184
|
| 090 |
|
|
|a 74566
|
| 100 |
|
|
|a 20050309d1989 m y0rusy50 ca
|
| 101 |
0 |
|
|a rus
|
| 102 |
|
|
|a RU
|
| 200 |
1 |
|
|a Перспективы развития вычислительной техники
|e справочник
|e в 11 книгах
|f под ред. Ю. М. Смирнова
|
| 210 |
|
|
|a Москва
|c Высшая школа
|d 1989-1990
|
| 702 |
|
1 |
|a Смирнов
|b Ю. М.
|g Юрий Матвеевич
|4 340
|
| 801 |
|
0 |
|a RU
|b 63413507
|c 20011210
|g PSBO
|
| 801 |
|
1 |
|a RU
|b 63413507
|c 20050309
|g PSBO
|
| 801 |
|
2 |
|a RU
|b 63413507
|c 20160630
|g PSBO
|
| 942 |
|
|
|c BK
|